=LDR 00000nam 2200000 4500 =001 INLIS000000000013081 =005 20130612104528 =008 ***********************************Ind** =035 ##$$0010-061300000013081 =041 ##$$a Ind =082 ##$$a 639.3 =090 ##$$a 639.3; Tan k =100 ##$$a Tantra, Bunawan =245 ##$$a Kim hwa, Louhan unggul penerus tren, Bunawan Tantra =260 ##$$a 2003 $b Jakarta =300 ##$$a 60 hlm, ilus, 23 cm =650 ##$$a Louhan =850 ##$$a NBPNMAT